Christel COURNIL, Chloé VLASSOPOYLOS (Coordinatrices), Mobilité Humaine et Environnement, du global au local, 2015, Quæ, 403 p. (notice n° 1645653)

détails MARC
000 -LEADER
fixed length control field 02119cam a2200169 4500500
005 - DATE AND TIME OF LATEST TRANSACTION
control field 20260208001919.0
041 ## - LANGUAGE CODE
Language code of text/sound track or separate title fre
042 ## - AUTHENTICATION CODE
Authentication code dc
100 10 - MAIN ENTRY--PERSONAL NAME
Personal name Emmanouilidou, Lina
Relator term author
245 00 - TITLE STATEMENT
Title Christel COURNIL, Chloé VLASSOPOYLOS (Coordinatrices), Mobilité Humaine et Environnement, du global au local, 2015, Quæ, 403 p.
260 ## - PUBLICATION, DISTRIBUTION, ETC.
Date of publication, distribution, etc. 2016.<br/>
500 ## - GENERAL NOTE
General note 41
520 ## - SUMMARY, ETC.
Summary, etc. Avec le « constitutionnalisme vert », la plupart des Constitutions intègrent des préoccupations relatives à l’environnement. Aux premiers abords, la Constitution malgache paraît d’avant-garde en la matière. Dès sa version originaire, en 1959, elle a eu des dispositions relatives à la préservation des ressources naturelles et de l’environnement. Ces dispositions sont régulièrement reprises par les différentes versions de la Constitution, jusqu’à celle actuellement en vigueur. La question se pose de savoir si cette constance de ces dispositions se traduit par une effectivité de la protection. Pour ce faire, l’engagement des autorités sera étudié à l’aune des répartitions des compétences et de la portée normative des dispositions constitutionnelles.
520 ## - SUMMARY, ETC.
Summary, etc. The protection of the environment in the Constitution of MadagascarFrom the inception of Madagascar’s first Constitution, the Malagasy Constitution has always contained dispositions about natural resources and environmental protection. It could be considered a forefront among all the Constitutions which have greened themselves by adding environmental measures and concerns. However, the constancy of those dispositions in the Malagasy Constitution doesn’t automatically imply their effectiveness. It is necessary then to take a look at what length the authority engagements go. Which level of the State are main decisions taken ? Do the constitutional measures have a real legal scope ?
786 0# - DATA SOURCE ENTRY
Note Revue juridique de l’environnement | Volume 41 | 1 | 2016-03-25 | p. 193a-195a | 0397-0299
856 41 - ELECTRONIC LOCATION AND ACCESS
Uniform Resource Identifier <a href="https://droit.cairn.info/revue-juridique-de-l-environnement-2016-1-page-193a?lang=fr&redirect-ssocas=7080">https://droit.cairn.info/revue-juridique-de-l-environnement-2016-1-page-193a?lang=fr&redirect-ssocas=7080</a>

Pas d'exemplaire disponible.

PLUDOC

PLUDOC est la plateforme unique et centralisée de gestion des bibliothèques physiques et numériques de Guinée administré par le CEDUST. Elle est la plus grande base de données de ressources documentaires pour les Étudiants, Enseignants chercheurs et Chercheurs de Guinée.

Adresse

627 919 101/664 919 101

25 boulevard du commerce
Kaloum, Conakry, Guinée

Réseaux sociaux

Powered by Netsen Group @ 2025